Para alimentar este mundo /

Guardado en:
Detalles Bibliográficos
Autor principal: Wortman, Sterling (autor)
Formato: Libro
Idioma:Español
Publicado: Argentina : Belgrano, 1980
Temas:
Etiquetas: Agrega una etiqueta
Sin etiquetas, Sé el primero en etiquetar este registro!

MARC

LEADER 00000nam^a2200000^a^4500
001 000015026
005 20250521000000.0
009 20260310084003.945
037 |a Acervo ITESO - Biblioteca 
041 |a ESP 
082 |a 641. 3  |b WOR 
100 |a Wortman, Sterling  |e (autor) 
245 1 0 |a Para alimentar este mundo /  |c S. Wortman. 
264 1 |a Argentina :  |b Belgrano,  |c 1980 
300 |a 379 p. 
336 |a texto  |b txt  |2 rdacontenido 
337 |a sin mediación  |b n  |2 rdamedio 
338 |a volumen  |b nc  |2 rdasoporte 
500 |a Traducción de: To Feed This World 
649 |a XX 
650 |a Abasto de Alimentos 
650 |a Alimentos y Bebidas 
910 |a Fondo General 
920 |a Impresos - Libros 
930 |a Colección General 
905 |a 101 
901 |a 0150260100  |b IT1  |c ACC  |i 015026  |u 20250521 
902 |a https://opac.biblio.iteso.mx/vufind/Record/000015026